LEADER 01265nam0-2200385---450- 001 990009543880403321 005 20120315135430.0 010 $a981-256-161-7 035 $a000954388 035 $aFED01000954388 035 $a(Aleph)000954388FED01 035 $a000954388 100 $a20120315d2005----km-y0itay50------ba 101 0 $aeng 102 $aUS 105 $a--------001yy 200 1 $aCellular neural networks, multi-scroll chaos and synchronization$fMüstak E. Yalçin, Johan A. K. Suykens, Joos P. L. Vandewalle 210 $aNew Jersey ; London$cWorld scientific$dİ2005 215 $axiv, 231 p.$cill.$d24 cm 225 1 $aWorld Scientific series on nonlinear science$iSeries A$v50 610 0 $aReti neurali 610 0 $aSincronizzazione 610 0 $aSistemi non lineari 610 0 $aComportamento caotico nei sistemi 676 $a006.32 700 1$aYalçin,$bMüstak E.$0515714 701 1$aSuykens,$bJohan A. K.$022315 701 1$aVandewalle,$bJoos P. L.$0338391 801 0$aIT$bUNINA$gRICA$2UNIMARC 901 $aBK 912 $a990009543880403321 952 $a10 B II 835$bDIEL 3854$fDINEL 959 $aDINEL 996 $aCellular neural networks, multi-scroll chaos and synchronization$9854731 997 $aUNINA LEADER 01771oam 2200493 a 450 001 9910699104203321 005 20230902162024.0 035 $a(CKB)5470000002400859 035 $a(OCoLC)468817182 035 $a(EXLCZ)995470000002400859 100 $a20091123d2009 ua 0 101 0 $aeng 135 $aurbn||||||||| 181 $ctxt$2rdacontent 182 $cc$2rdamedia 183 $acr$2rdacarrier 200 10$aAmerica's competiveness [sic] through high school reform$b[electronic resource] $ehearing before the Committee on Education and Labor, U.S. House of Representatives, One Hundred Eleventh Congress, first session, hearing held in Washington, DC, May 12, 2009 210 1$aWashington :$cU.S. G.P.O.,$d2009. 215 $a1 online resource (iii, 85 pages) $cillustrations 300 $aTitle from title screen (viewed on Nov. 23, 2009). 300 $a"Serial no. 111-20." 320 $aIncludes bibliographical references. 517 $aAmerica's competiveness [sic] through high school reform 606 $aEducational change$zUnited States 606 $aAcademic achievement$zUnited States$xEvaluation 606 $aEducation$xStandards$zUnited States 606 $aDropouts$zUnited States$xPrevention 606 $aCompetition, International 615 0$aEducational change 615 0$aAcademic achievement$xEvaluation. 615 0$aEducation$xStandards 615 0$aDropouts$xPrevention. 615 0$aCompetition, International. 801 0$bGPO 801 1$bGPO 801 2$bGPO 801 2$bUBY 801 2$bOCLCA 801 2$bOCLCQ 801 2$bGPO 906 $aBOOK 912 $a9910699104203321 996 $aAmerica's competiveness through high school reform$93478596 997 $aUNINA LEADER 02264nam 2200565Ia 450 001 9911004892303321 005 20251117003612.0 010 $a9786611905682 010 $a9781281905680 010 $a1281905682 010 $a9781933995472 010 $a1933995475 035 $a(CKB)1000000000715580 035 $a(EBL)686376 035 $a(OCoLC)608581485 035 $a(MiAaPQ)EBC231617 035 $a(Perlego)532541 035 $a(MiAaPQ)EBC686376 035 $a(Au-PeEL)EBL686376 035 $a(EXLCZ)991000000000715580 100 $a20021213d2003 uy 0 101 0 $aeng 135 $aur|n|---||||| 181 $ctxt$2rdacontent 182 $cc$2rdamedia 183 $acr$2rdacarrier 200 10$aVoucher wars $ewaging the legal battle over school choice /$fClint Bolick 205 $a1st ed. 210 $aWashington, D.C. $cCato Institute$dc2003 215 $a1 online resource (308 p.) 300 $aDescription based upon print version of record. 311 08$a9781930865389 311 08$a1930865384 320 $aIncludes bibliographical references and index. 327 $aTable of Contents; Acknowledgments; Introduction; 1. Laying the Groundwork; 2. Polly; 3. False Starts; 4. And Then There Were Five; 5. Valley Forge; 6. One in the Bank; 7. A Blizzard of Decisions; 8. Battles Within and Without; 9. The Road to the Supremes; 10. D-Day; 11. Road Ahead; 12. Lessons; Appendix; Index; About the Author; Cato Institute 330 $aSet against the backdrop of a monopoly public school system that consigns millions of disadvantaged children to educational inequality, the recent Cleveland school vouchers case, appealed all the way to the Supreme Court, has brought this issue to national attention. 606 $aEducational vouchers$xLaw and legislation$zUnited States 606 $aSchool choice$xLaw and legislation$zUnited States 615 0$aEducational vouchers$xLaw and legislation 615 0$aSchool choice$xLaw and legislation 676 $a344.73/076 676 $a344.73076 700 $aBolick$b Clint$01668320 801 0$bMiAaPQ 801 1$bMiAaPQ 801 2$bMiAaPQ 906 $aBOOK 912 $a9911004892303321 996 $aVoucher wars$94388085 997 $aUNINA